| 000 | 00463nam a22001457a 4500 | ||
|---|---|---|---|
| 008 | 230418b |||||||| |||| 00| 0 eng d | ||
| 040 |
_aNational Science Library _cNational Science Library |
||
| 080 |
_a341.13(072) _bH8 |
||
| 245 | _aQuestion of establishing united nations research laboratories | ||
| 260 |
_aNew York: _bUnited Nations, _c1948 |
||
| 300 | _aviii, 290p. | ||
| 650 | _aUnited nations | ||
| 653 | _aResearch laboratories | ||
| 942 |
_2udc _cREF |
||
| 999 |
_c20481 _d20481 |
||